[Event "Summer Cup"]
[Site "Wellington Chess Club"]
[Date "2017.02.23"]
[Round "5"]
[White "He, Paul"]
[Black "Konakanchi, Karthik"]
[Result "0-1"]
[WhiteElo "957"]
[BlackElo "1484"]

1. e4 e5 2. Nf3 Nc6 3. Bc4 Bc5 4. Nc3 Nf6 5. d3 O-O 6. Bg5 d6 7. Nd5 Bg4 8.
Nxf6+ gxf6 9. Bh6 Re8 10. h3 Bxf3 11. Qxf3 Kh8 12. Bxf7 Rf8 13. Bxf8 Qxf8 14.
Qxf6+ Qg7 15. Qxg7+ Kxg7 16. Bd5 Nd4 17. O-O c6 18. Bb3 Rf8 19. c3 Ne2+ 20. Kh2
Bxf2 21. h4 Kg6 22. Rad1 Kh5 23. Rd2 Bg3+ 24. Kh1 Rxf1# 0-1

[Event "Summer Cup"]
[Site "Wellington Chess Club"]
[Date "2017.02.23"]
[Round "5"]
[White "Jackson, Ross"]
[Black "Day, Fabian"]
[Result "1/2-1/2"]
[WhiteElo "2049"]
[BlackElo "1608"]

1. d4 f5 2. c4 Nf6 3. Nc3 d6 4. g3 g6 5. Bg2 Bg7 6. Nh3 O-O 7. O-O e5 8. dxe5
dxe5 9. Nd5 c6 10. Nxf6+ Bxf6 11. Bh6 Bg7 12. Qxd8 Rxd8 13. Rad1 Rxd1 14. Rxd1
Nd7 15. Bxg7 Kxg7 16. e4 fxe4 17. Ng5 Nb6 18. b3 e3 19. f3 Bf5 20. Re1 (20. Ne4
Bxe4 21. fxe4) 20... h6 21. Ne4 Bxe4 22. fxe4 Rd8 23. Rxe3 Rd1+ 1/2-1/2

[Event "Summer Cup"]
[Site "Wellington Chess Club"]
[Date "2017.02.23"]
[Round "5"]
[White "Pomeroy, Arthur"]
[Black "Brockway, Andrew"]
[Result "0-1"]
[WhiteElo "2137"]
[BlackElo "1826"]

1. e4 c5 2. Nf3 g6 3. d4 cxd4 4. Qxd4 Nf6 5. e5 Nc6 6. Qa4 Nd5 7. Qe4 Nb6 8.
Nc3 Bg7 9. Bf4 O-O 10. O-O-O Qe8 11. h4 d5 12. Qe3 Bg4 13. Bb5 Qc8 14. Nxd5
Nxd5 15. Rxd5 Nb4 16. Rc5 Qd8 17. Rd1 Nxa2+ { (White Resigned) } 0-1

[Event "Summer Cup"]
[Site "Wellington Chess Club"]
[Date "2017.02.23"]
[Round "5"]
[White "Proctor, Matthew"]
[Black "Stoeveken, Peter"]
[Result "0-1"]
[WhiteElo "1392"]
[BlackElo "1863"]

1. e4 c5 2. Nf3 Nc6 3. Bc4 $2 (3. Bb5 {would have been far preferable to the
text} ) 3... e6 $1 {cuts off the bishop on c4 from f7 and prepares d5, which
will drive it away} 4. c3 $2 {compounds White's problems. The push d5 will
force White to move the bishop for a second time. This game illustrates the
dangers of White delaying the development of the queenside pieces} 4... d5 5.
exd5 exd5 6. Qe2+ Be7 {the best response} 7. Bb5 {White could have moved here
on move 3} 7... Nf6 8. Ne5 $6 {White moves another piece for the second time}
8... Bd7 { Black must defend the knight or the rook will be forked}  (8... Qc7
{would have been more traditional in this position, intending to open the
c-file} ) 9. Nxc6 bxc6 10. Ba6 {intended to stymie Black's queenside attack.
But White has moved the bishop for a third time and is falling further behind
in development} 10... O-O { Black need no longer worry about an attack up the
e-file}  (10... c4 {cuts off the bishop's retreat and wins material, but should
transpose} 11. d4 O-O 12. O-O Re8) 11. O-O Re8 12. d3 {White does not want to
un-double Black's pawns, but d3 cuts off the bishop's support}  (12. d4 c4 13.
Nd2 {was correct; developing the queen's bishop leaves b2 en prise} ) 12... Qb6
{Black completes their development with a threat} 13. d4 {another tempo wasted}
13... c4 (13... Bd6 $5 14. Be3 c4 {allows White to develop the queen's bishop,
but begins the attack on h2}  (14... Ng4 {and} )  (14... Bg4 {are also
excellent options} ) )  (13... Bg4 14. Qd3 c4 15. Bxc4 dxc4 16. Qxc4 {wins a
tempo over the text} ) 14. Bxc4 dxc4 15. Qxc4 {White has two pawns for the
piece but is woefully underdeveloped} 15... Be6 16. Qd3 Bd6 17. Be3 {develops
with the threat of 18. d5 Qc7 19. dxe6} 17... Qc7 {not only deals with the
threat, but compounds the attack on h2}  (17... Qxb2 18. Nd2 {and} )  (17...
Qa5 {then Qh5 are equally devastating} ) 18. Nd2 Bxh2+ 19. Kh1 Bf4 20. Ne4 Nxe4
21. Qxe4 Bxe3 22. Qxe3 (22. fxe3 Bd5 23. Qd3 Re6 {also leaves no escape} )
22... Bc4 $1 {a devastating double threat} 23. Qxe8+ Rxe8 24. Rfe1 Rxe1+ 25.
Rxe1 h6 {White's last ditch attempt at a back rank mate fails, and he resigns}
0-1

[Event "Summer Cup"]
[Site "Wellington Chess Club"]
[Date "2017.02.23"]
[Round "5"]
[White "Rose, Nathan"]
[Black "Nijman, Brian"]
[Result "0-1"]
[WhiteElo "1406"]
[BlackElo "2192"]

1. e4 c6 2. d4 d5 3. exd5 cxd5 4. Nf3 Nc6 5. Bd3 Qc7 6. c3 e6 7. O-O Bd6 8. Na3
a6 9. Nc2 Nge7 10. Ne3 Ng6 11. Re1 Nce7 12. c4 O-O 13. c5 Bf4 14. Ng4 f6 15. g3
Bxc1 16. Qxc1 e5 17. Nh6+ gxh6 18. dxe5 fxe5 19. Nh4 e4 20. Bxe4 dxe4 21. Rxe4
Nf5 22. Nxg6 hxg6 23. g4 Nh4 24. Qc4+ Qf7 0-1

[Event "Summer Cup"]
[Site "Wellington Chess Club"]
[Date "2017.02.23"]
[Round "5"]
[White "Rossiter, Philip"]
[Black "Aldridge, Alan"]
[Result "1/2-1/2"]
[WhiteElo "1900"]
[BlackElo "1956"]

1. c4 e5 2. Nc3 Nf6 3. Nf3 Nc6 4. d3 d5 5. cxd5 Nxd5 6. g3 Nxc3 7. bxc3 Be7 8.
Bg2 O-O 9. O-O Rb8 10. Qc2 Bf5 11. Bd2 Bf6 12. Rab1 Re8 13. e4 Bg4 14. Be3 Qe7
15. Nd2 Red8 16. f3 Bc8 17. Nb3 b6 18. Rfd1 Be6 19. Qf2 Bg5 20. f4 exf4 21.
gxf4 Bh4 22. Qe2 Qd7 23. f5 Bxb3 24. axb3 Qe7 25. d4 Bg5 26. e5 Bxe3+ 27. Qxe3
Na5 28. Rf1 Re8 29. Qg3 Rbd8 30. f6 Qf8 31. Rfe1 Kh8 32. b4 Nc4 33. Ra1 gxf6
34. exf6 Rxe1+ 35. Rxe1 Nd6 36. Re5 Qh6 37. Qg5 Qxg5 38. Rxg5 Re8 1/2-1/2

[Event "Summer Cup"]
[Site "Wellington Chess Club"]
[Date "2017.02.23"]
[Round "5"]
[White "Theodosiou, Andreas"]
[Black "Forlong-Ford, Colwyn"]
[Result "0-1"]
[WhiteElo "1392"]
[BlackElo "1737"]

1. d4 e6 2. c4 b6 3. Nc3 Bb4 4. Bd2 Bb7 5. Nf3 Nf6 6. Qb3 Bxc3 7. Bxc3 O-O 8.
c5 Bd5 9. Qc2 Be4 10. Qc1 Nc6 11. Ng5 Bg6 12. e3 Nd5 13. Nf3 Qf6 14. Be2 bxc5
15. dxc5 Nxc3 16. bxc3 Rab8 17. Qd2 Qe7 18. O-O Rfd8 19. Bd3 Bxd3 20. Qxd3 Qxc5
21. Ng5 Qxg5 22. f4 Qf5 23. Qe2 Rb6 24. Rf3 Rdb8 25. e4 Qc5+ 26. Kh1 Rb1+ 27.
Rxb1 Rxb1+ 28. Rf1 Rxf1+ 29. Qxf1 Qxc3 30. h3 g6 31. f5 Ne7 32. f6 Nc6 33. Qf4
d6 34. h4 Qe5 35. Qc1 Nd4 36. Qxc7 Qxf6 37. Qb8+ Kg7 38. g3 Qf1+ 0-1

[Event "Summer Cup"]
[Site "Wellington Chess Club"]
[Date "2017.02.23"]
[Round "5"]
[White "Van der Anker, Juan"]
[Black "Konakanchi, Pramodh"]
[Result "1/2-1/2"]
[WhiteElo "1500"]
[BlackElo "1191"]

1. d4 d5 2. c4 dxc4 3. Nc3 Nf6 4. e4 Nc6 5. Be3 Ng4 6. Nf3 Nxe3 7. fxe3 Bg4 8.
Be2 Bxf3 9. Bxf3 e6 10. O-O Be7 11. Be2 O-O 12. Bxc4 Bg5 13. Rf3 e5 14. Nd5
exd4 15. exd4 Qd6 16. a3 Rae8 17. e5 Qg6 18. Nxc7 Rc8 19. Nd5 Qe4 20. Qd3 Qxd3
21. Rxd3 Nxe5 22. Rg3 h6 23. Rxg5 hxg5 24. Ne7+ Kh8 25. Nxc8 Rxc8 26. Be2 Ng6
27. Bf3 b6 1/2-1/2

[Event "Summer Cup"]
[Site "Wellington Chess Club"]
[Date "2017.02.23"]
[Round "5"]
[White "Wevers, Alexis"]
[Black "Sellen, Ian"]
[Result "0-1"]
[WhiteElo "1649"]
[BlackElo "2398"]

1. e4 e6 2. d4 d5 3. Nc3 Nf6 4. e5 Nfd7 5. Nf3 c5 6. Ne2 cxd4 7. Nexd4 Nc6 8.
Nxc6 bxc6 9. Be3 Qc7 10. Qd4 Be7 11. Be2 c5 12. Qg4 Bf8 13. Qg3 Rb8 14. b3 g6
15. O-O Bg7 16. Bf4 O-O 17. c4 d4 18. Rac1 Bb7 19. Nd2 Bxe5 20. Bxe5 Qxe5 21.
Qd3 f5 22. Rfe1 Qf6 23. Bf3 e5 24. Bd5+ Bxd5 25. cxd5 Qd6 26. Qc4 Rb4 27. Qc2
Qxd5 28. a3 Rbb8 29. Nc4 e4 30. Rcd1 Qb7 31. Na5 Qb5 32. b4 d3 33. Qa2+ Kg7 34.
Rb1 cxb4 35. axb4 Rbc8 36. Qe6 Rf6 37. Qe7+ Rf7 38. Qd6 Qb6 39. Qf4 Rc2 40.
Red1 Qd4 41. Rd2 Qc3 42. Rxc2 Qxc2 43. Qc1 Ne5 44. Qxc2 dxc2 45. Ra1 Rd7 0-1

[Event "Summer Cup"]
[Site "Wellington Chess Club"]
[Date "2017.02.23"]
[Round "5"]
[White "Winter, Ryan"]
[Black "Sole, Michael"]
[Result "1/2-1/2"]
[WhiteElo "1592"]
[BlackElo "1654"]

1. d4 Nf6 2. c4 c5 3. d5 e6 4. Nc3 exd5 5. cxd5 d6 6. e4 g6 7. f4 Bg7 8. Bb5+
Nfd7 9. a4 O-O 10. Nf3 Re8 11. O-O Bxc3 12. bxc3 Rxe4 13. Bd3 Re8 14. f5 Ne5
15. Nxe5 Rxe5 16. fxg6 hxg6 17. c4 Nd7 18. Qf3 Qe8 19. Bf4 Re7 20. Bxd6 Re3 21.
Qd1 (21. Qf2 $1 Rxd3 $2 22. Rae1) 21... Ne5 22. Bxe5 Qxe5 23. Kh1 Bd7 24. Ra2
Re8 25. g3 Qd4 26. Ra3 Bg4 27. Qc2 Bf3+ 28. Rxf3 Rxf3 29. Rb3 Rf1+ $4 (29...
Rf2) 30. Bxf1 Re1 31. Kg2 Qa1 32. Qf2 $4 (32. Rf3) 32... Rxf1 $1 33. Qxf1 Qa2+
34. Qf2 Qxb3 35. Qxc5 Qc2+ 36. Kf3 Qf5+ 37. Kg2 Qe4+ 38. Kf2 Qc2+ 39. Kf3 Qf5+
40. Kg2 Qe4+ 41. Kf2 Qc2+ 1/2-1/2

[Event "Summer Cup"]
[Site "Wellington Chess Club"]
[Date "2017.02.23"]
[Round "5"]
[White "Zhao, Aiden"]
[Black "Asher, Bruce"]
[Result "1-0"]
[WhiteElo "1298"]
[BlackElo "1275"]

1. e4 e5 2. Nf3 Nc6 3. Bc4 Nf6 4. Nc3 Bc5 5. O-O d6 6. a3 O-O 7. d3 a6 8. Bg5
h6 9. Bh4 b5 10. Bb3 Bb7 11. Nd5 g5 12. Nxf6+ Qxf6 13. Bg3 Nd4 14. Nxd4 Bxd4
15. c3 Bc5 16. Qd2 Rad8 17. Rad1 Rd7 18. d4 exd4 19. cxd4 Bb6 20. Qd3 c5 21.
dxc5 Bxc5 22. e5 Qe7 23. exd6 Bxd6 24. Bxd6 Qf6 25. Qg3 Rfd8 26. Be5 Qf5 27.
Rxd7 Rxd7 28. Re1 Re7 29. Bc3 Qd7 30. Rxe7 Qxe7 31. Qb8+ Kh7 32. Qh8+ 1-0

[Event "Summer Cup"]
[Site "Wellington Chess Club"]
[Date "2017.03.02"]
[Round "6"]
[White "Aldridge, Alan"]
[Black "Day, Fabian"]
[Result "0-1"]
[WhiteElo "1956"]
[BlackElo "1608"]

1. d4 f5 2. Nf3 Nf6 3. g3 g6 4. Bg2 Bg7 5. c4 d6 6. O-O O-O 7. Nc3 Nc6 8. Rb1
e5 9. e3 e4 10. Ne1 Qe8 11. b4 g5 12. f3 Qh5 13. fxe4 Qxd1 14. Nxd1 fxe4 15.
Nc3 Re8 16. Nc2 Bd7 17. Bd2 Re7 18. Ne2 Be8 19. b5 Nb8 20. d5 a6 21. Ned4 axb5
22. Nf5 Rf7 23. Nxg7 Kxg7 24. Bc3 Nd7 25. Bxe4 Ne5 26. Bxe5 dxe5 27. Bd3 Rxa2
28. Nb4 Ra5 29. cxb5 Ng4 30. Rxf7+ Kxf7 31. Nc2 h6 32. Bc4 Ke7 33. Kg2 Bg6 34.
Ra1 Nxe3+ 35. Nxe3 Rxa1 36. g4 Rc1 37. Kf3 Kd6 38. Be2 Rc3 39. Kf2 Be4 40. Bf3
Bxf3 41. Kxf3 Rxe3+ 0-1

[Event "Summer Cup"]
[Site "Wellington Chess Club"]
[Date "2017.03.02"]
[Round "6"]
[White "Asher, Bruce"]
[Black "Zhao, Jeffrey"]
[Result "1-0"]
[WhiteElo "1275"]
[BlackElo "943"]

1. e4 e5 2. Nf3 Nc6 3. Bb5 a6 4. Ba4 Nf6 5. Nc3 Bc5 6. d3 Ng4 7. O-O O-O 8.
Bxc6 dxc6 9. Qe2 Bb4 10. h3 Nf6 11. Bg5 h6 12. Bh4 Bxc3 13. bxc3 c5 14. Nxe5
Re8 15. Ng4 Bxg4 16. hxg4 a5 17. Qf3 Re6 18. Rfe1 Raa6 19. e5 a4 20. exf6 Rxf6
21. Qxb7 a3 22. Bxf6 Rxf6 23. Qb5 Qc8 24. Re8+ Qxe8 25. Qxe8+ Kh7 26. Re1 Rg6
27. Qxf7 Rxg4 28. Re8 h5 29. Qxh5# 1-0

[Event "Summer Cup"]
[Site "Wellington Chess Club"]
[Date "2017.03.02"]
[Round "6"]
[White "Croad, Nicolas"]
[Black "Dive, Russell"]
[Result "0-1"]
[WhiteElo "2398"]
[BlackElo "2440"]

1. d4 Nf6 2. c4 e6 3. Nf3 b6 4. g3 Ba6 5. Qc2 d5 6. Nbd2 Be7 7. cxd5 exd5 8. e4
Bxf1 9. Kxf1 dxe4 10. Nxe4 Qd5 11. Nxf6+ Bxf6 12. Qe2+ Kf8 13. Bf4 Nc6 14. Kg1
Re8 15. Qd1 Nxd4 16. Nxd4 Bxd4 17. Bxc7 h5 18. h4 Rh6 19. Bf4 Rhe6 20. Be3 Rxe3
21. fxe3 Rxe3 22. Kh2 Qe5 23. Rg1 g6 24. Rc1 Re4 25. Kh1 Kg7 26. Rg2 Bxb2 27.
Rb1 Bc3 28. Qb3 Rb4 29. Qc2 Rg4 30. Qf2 Bd4 31. Qf3 Re4 32. Rf1 Qe6 33. Rd2 Re3
34. Qf4 Bc5 35. Rdf2 Qh3+ 36. Rh2 Qxg3 37. Qf6+ Kh7 38. Qxf7+ Kh6 39. Qg8 Qe5
40. Rg1 Qe4+ 0-1

[Event "Summer Cup"]
[Site "Wellington Chess Club"]
[Date "2017.03.02"]
[Round "6"]
[White "Dixon, Hamish"]
[Black "Pomeroy, Arthur"]
[Result "0-1"]
[WhiteElo "1724"]
[BlackElo "2137"]

1. e4 c5 2. Nf3 d6 3. d4 cxd4 4. Nxd4 Nf6 5. Nc3 a6 6. Bd3 g6 7. O-O Bg7 8. h3
O-O 9. Be3 e5 10. Nb3 b5 11. a3 Bb7 12. Qd2 d5 13. exd5 Bxd5 14. Nxd5 Qxd5 15.
Rad1 Nbd7 16. Bh6 e4 17. Bxg7 Kxg7 18. Be2 Qxd2 19. Rxd2 Rac8 20. a4 bxa4 21.
Nd4 Nc5 22. Ra1 Rb8 23. c3 Rb6 24. Bd1 Rfb8 25. Bxa4 Rxb2 26. Rxb2 Rxb2 27. Bc6
Nd3 28. f3 e3 29. Rd1 Nf4 30. Re1 Rxg2+ 31. Kh1 N6h5 0-1

[Event "Summer Cup"]
[Site "Wellington Chess Club"]
[Date "2017.03.02"]
[Round "6"]
[White "He, Caleb"]
[Black "Tagos, Bernardo"]
[Result "0-1"]
[WhiteElo "1145"]
[BlackElo "1433"]

1. e4 c5 2. Nf3 Nc6 3. d4 cxd4 4. Nxd4 e5 5. Nxc6 bxc6 6. c4 d6 7. Nc3 Bb7 8.
f3 Be7 9. Be2 Nf6 10. Be3 O-O 11. O-O Qc7 12. Qd3 Rfd8 13. Rfd1 Nh5 14. Rd2 Nf4
15. Bxf4 exf4 16. Rad1 Qb6+ 17. Kf1 Bh4 18. Qd4 Qa5 19. a3 Qh5 20. Qg1 Be7 21.
g3 Bc8 22. g4 Qe5 23. Qd4 Qg5 24. e5 Be6 25. Ne4 dxe5 26. Nxg5 Rxd4 27. Nxe6
Rxd2 28. Rxd2 fxe6 29. Rd7 Kf7 30. Bd3 h6 31. Be4 Rb8 32. Bxc6 Rxb2 33. Kg1 Kf6
34. Kh1 Bxa3 35. Rxa7 Bc5 36. Rb7 Rc2 37. Bb5 Kg5 38. Ba6 Kh4 39. Rb1 Kh3 0-1

[Event "Summer Cup"]
[Site "Wellington Chess Club"]
[Date "2017.03.02"]
[Round "6"]
[White "Ker, Anthony"]
[Black "Brockway, Andrew"]
[Result "1-0"]
[WhiteElo "2461"]
[BlackElo "1826"]

1. e4 c5 2. c3 d5 3. exd5 Qxd5 4. d4 e6 5. Nf3 Nf6 6. Be3 cxd4 7. cxd4 Nc6 8.
Nc3 Qd6 9. Bd3 Be7 10. O-O O-O 11. Qd2 b6 12. Rad1 Bb7 13. Bf4 Qd8 14. Rfe1 Nb4
15. Bb1 Nbd5 16. Be5 Ne8 17. Qd3 g6 18. Bg3 Nb4 19. Qe3 Bxf3 20. Qxf3 Bd6 21.
Be5 Rc8 22. Ne4 Bxe5 23. dxe5 Nd5 24. Qh3 Kg7 25. Qg3 h6 26. f4 Kh7 27. h4 Rg8
28. h5 Qe7 29. Qh2 Rc7 30. g4 Kg7 31. g5 hxg5 32. h6+ Kf8 33. fxg5 Rh8 34. a3
Rc4 35. Qg3 Rh7 36. Ba2 Rc7 37. Bxd5 exd5 38. Rxd5 Qe6 39. Rd8 Qc4 40. Rxe8+
1-0

[Event "Summer Cup"]
[Site "Wellington Chess Club"]
[Date "2017.03.02"]
[Round "6"]
[White "Konakanchi, Karthik"]
[Black "Rossiter, Philip"]
[Result "0-1"]
[WhiteElo "1484"]
[BlackElo "1900"]

1. Nf3 c5 2. c3 d5 3. d4 e6 4. Bf4 Nc6 5. Nbd2 Nf6 6. Qc2 Be7 7. e4 Nh5 8. exd5
exd5 9. Be3 cxd4 10. Bxd4 Nxd4 11. Nxd4 O-O 12. g3 Bf6 13. Be2 Re8 14. O-O Bxd4
15. Bxh5 Bf6 16. Rfe1 Be6 17. Rad1 Qc7 18. Nb3 g6 19. Bf3 Bf5 20. Rxe8+ Rxe8
21. Qd2 Be4 22. Re1 Re7 23. Bxe4 dxe4 24. Qd5 Re5 25. Qd4 Re6 26. Qxa7 Ra6 27.
Qc5 Qd7 28. a3 Be7 29. Qe5 Re6 30. Qb8+ Kg7 31. Nd4 Rb6 32. Rxe4 Rxb2 33. Qf4
Bf6 34. Qc1 Ra2 35. a4 Rxa4 36. Ne6+ fxe6 37. Qc2 Rxe4 38. Qxe4 Qd1+ 39. Kg2
Qd5 0-1

[Event "Summer Cup"]
[Site "Wellington Chess Club"]
[Date "2017.03.02"]
[Round "6"]
[White "Nijman, Brian"]
[Black "Forlong-Ford, Colwyn"]
[Result "1-0"]
[WhiteElo "2192"]
[BlackElo "1737"]

1. d4 e6 2. g3 Nf6 3. c4 d5 4. Nf3 Nc6 5. Bg2 dxc4 6. O-O Bd6 7. Qa4 O-O 8. Rd1
Ne7 9. Qxc4 Ned5 10. Nc3 c6 11. a3 h6 12. Ne5 Qc7 13. Nd3 Re8 14. e4 Nb6 15.
Qb3 Be7 16. Bf4 Qd8 17. Nc5 Nfd7 18. a4 Nxc5 19. dxc5 Nd7 20. Bd6 Qa5 21. Qc4
Bxd6 22. b4 Qd8 23. Rxd6 e5 24. Rad1 Qe7 25. Qd3 Nf6 26. a5 g6 27. f3 Kg7 28.
b5 Bd7 29. a6 cxb5 30. axb7 Rab8 31. c6 Bxc6 32. Rxc6 Rxb7 33. Nxb5 Rd7 34. Qc2
Rxd1+ 35. Qxd1 Rd8 36. Qc2 a5 37. Bf1 Qb4 38. Qc3 1-0

[Event "Summer Cup"]
[Site "Wellington Chess Club"]
[Date "2017.03.02"]
[Round "6"]
[White "Sellen, Ian"]
[Black "Farrington, Lawrence"]
[Result "1-0"]
[WhiteElo "2398"]
[BlackElo "1755"]

1. c4 e5 2. Nc3 Nf6 3. Nf3 Nc6 4. g3 d5 5. cxd5 Nxd5 6. Bg2 Be7 7. O-O Nb6 8.
d3 O-O 9. a3 f5 10. b4 Be6 11. Bb2 Bf6 12. Qc2 a5 13. b5 Nd4 14. Nxd4 exd4 15.
Na4 Nxa4 16. Qxa4 Ra7 17. Rac1 Qd7 18. Rfe1 Rc8 19. Ba1 Bf7 20. Rb1 b6 21. Qc2
Bd5 22. Bxd5+ Qxd5 23. a4 Rd8 24. Rbc1 Be7 25. Bb2 Bb4 26. Red1 Qe6 27. Qc4
Qxc4 28. dxc4 Bc5 29. Rd3 Re8 30. Kf1 Re4 31. Rcd1 c6 32. Bxd4 Bxd4 33. Rxd4
cxb5 34. cxb5 Rae7 35. e3 g5 36. Ke2 f4 37. Rxe4 Rxe4 38. Rd4 Re5 39. gxf4 gxf4
40. Rxf4 Kg7 41. h4 Rc5 42. Rd4 Rc2+ 43. Kf3 Rb2 44. Rd7+ Kg8 45. h5 Rb4 46.
Rd4 Rb2 47. Rd6 Rb4 48. Rxb6 Rxa4 49. Ra6 Kg7 50. h6+ Kf7 51. e4 Ra3+ 52. Kg4
a4 53. f4 Rb3 54. Rxa4 Rxb5 55. Ra6 Rb1 56. Kf5 Rh1 57. e5 Rh5+ 58. Kg4 Rh1 59.
Rf6+ Ke7 60. Kg5 Rh2 61. Ra6 Kf7 62. Ra7+ Kg8 63. e6 Rc2 64. Ra8+ 1-0

[Event "Summer Cup"]
[Site "Wellington Chess Club"]
[Date "2017.03.02"]
[Round "6"]
[White "Sole, Michael"]
[Black "Proctor, Matthew"]
[Result "1-0"]
[WhiteElo "1654"]
[BlackElo "1392"]

1. e4 e5 2. Nf3 Nc6 3. Bb5 Nf6 4. Qe2 a6 5. Ba4 Bc5 6. c3 O-O 7. d3 b5 8. Bb3
d5 9. O-O Bg4 10. Rd1 b4 11. Nbd2 d4 12. c4 Nh5 13. h3 Nf4 14. Qf1 Bd7 15. Ba4
f5 16. Bxc6 Bxc6 17. Nxe5 Bb7 18. Nb3 fxe4 19. Bxf4 Rxf4 20. Nxc5 Bc8 21. Nxe4
Qe8 22. Nf3 Qg6 23. Ng3 h5 24. Kh1 h4 25. Ne2 Rxf3 26. gxf3 Bb7 27. Qg2 Qf6 28.
Ng1 Rf8 29. Re1 g5 30. Qg4 Bc8 31. Qe4 Qf7 32. Qd5 Kg7 33. Qxf7+ Rxf7 34. Re5
Kg6 35. Rae1 Bb7 36. Kg2 Kf6 37. Re6+ Kf5 38. R1e5+ Kf4 39. Ne2# 1-0

[Event "Summer Cup"]
[Site "Wellington Chess Club"]
[Date "2017.03.02"]
[Round "6"]
[White "Theodosiou, Andreas"]
[Black "Rose, Nathan"]
[Result "0-1"]
[WhiteElo "1392"]
[BlackElo "1406"]

1. d4 f5 2. c4 Nf6 3. Bg5 e6 4. Nc3 b6 5. Nf3 Bb4 6. d5 Bxc3+ 7. bxc3 O-O 8. e3
Qe8 9. Bf4 d6 10. dxe6 Bxe6 11. Be2 Ne4 12. Qd3 Nd7 13. O-O Ndc5 14. Qc2 Qf7
15. Ng5 Nxg5 16. Bxg5 Bxc4 17. f3 Bxe2 18. Qxe2 Ne6 19. Bh4 Rae8 20. Rab1 Kh8
21. f4 c5 22. Rf3 Qh5 23. Be1 Nxf4 24. Qf1 Nd5 25. Rh3 Qg4 26. Qd3 Qe4 27. Qd1
Nxe3 28. Rg3 Nxd1 0-1

[Event "Summer Cup"]
[Site "Wellington Chess Club"]
[Date "2017.03.02"]
[Round "6"]
[White "Thorpe, Richard"]
[Black "He, Paul"]
[Result "1-0"]
[WhiteElo "1630"]
[BlackElo "957"]

1. e4 e5 2. Nf3 Nc6 3. Bb5 Nf6 4. O-O Bc5 5. Re1 Nd4 6. Nxd4 Bxd4 7. c3 Bb6 8.
d4 Qe7 9. Bg5 O-O 10. Qd3 d6 11. Nd2 c5 12. d5 h6 13. Bh4 g5 14. Qg3 Nh5 15.
Qf3 gxh4 16. Qxh5 Qg5 17. Qe2 Bg4 18. Nf3 Qf4 19. Qd2 Bxf3 20. Qxf4 exf4 21.
gxf3 Kg7 22. Kg2 Kg6 23. Kh3 Kg5 24. Rg1+ Kh5 25. Bd7 c4 26. Bg4+ Kg5 27. Rg2
h5 28. Bc8+ Kh6 29. Bxb7 Rab8 30. Ba6 Rg8 31. Rag1 Kh7 32. Rxg8 Rxg8 33. Rxg8
Kxg8 34. Kxh4 Bxf2+ 35. Kxh5 Kg7 36. Bxc4 Kf6 37. Kg4 Ke5 38. h4 Bxh4 39. Kxh4
f5 40. Bd3 fxe4 41. fxe4 Kf6 42. Kg4 Ke5 43. b4 f3 44. Kxf3 Kf6 45. Kf4 Ke7 46.
Kf5 Kd7 47. e5 dxe5 48. Kxe5 Ke7 49. d6+ Kd7 50. Ba6 Ke8 51. Ke6 Kd8 52. c4 Ke8
53. c5 Kd8 54. c6 Ke8 55. c7 Kf8 56. d7 Kg8 57. d8=Q+ Kg7 58. Qf6+ Kh7 59. Bd3+
Kg8 60. c8=Q# 1-0

[Event "Summer Cup"]
[Site "Wellington Chess Club"]
[Date "2017.03.02"]
[Round "6"]
[White "Timergazi, Layla"]
[Black "Stoeveken, Peter"]
[Result "1-0"]
[WhiteElo "2117"]
[BlackElo "1863"]

1. d4 Nf6 2. c4 d5 3. cxd5 Qxd5 4. Nc3 Qd8 5. e4 Bg4 6. Be2 Bxe2 7. Ngxe2 e6 8.
O-O Be7 9. Qb3 Qc8 10. e5 Nfd7 11. Ne4 c5 12. Qg3 g6 13. Bg5 Nc6 14. Bxe7 Kxe7
15. Nd6 Qc7 16. Qh4+ Kf8 17. Qf4 Nb6 18. Qh6+ Kg8 19. Ne4 f5 20. exf6 Nd5 21.
Nxc5 Nxf6 22. Nxe6 Qe7 23. N2f4 Re8 24. Rfe1 Qf7 25. Rad1 Ne7 26. Ng5 Qxa2 27.
Qh3 Nf5 28. Rxe8+ Nxe8 29. Qc3 h6 30. Nge6 g5 31. Qc5 Nfd6 32. Nd5 Qa4 33. Re1
b6 34. Ne7+ Kh7 35. Qc3 Qc4 36. Qf3 Ng7 37. Nxg5+ hxg5 38. Qh3+ Nh5 39. Qxh5+
Kg7 40. Qxg5+ 1-0

[Event "Summer Cup"]
[Site "Wellington Chess Club"]
[Date "2017.03.02"]
[Round "6"]
[White "Van der Anker, Juan"]
[Black "Zhao, Aiden"]
[Result "1-0"]
[WhiteElo "1500"]
[BlackElo "1298"]

1. d4 d5 2. c4 Nf6 3. Nc3 dxc4 4. Nf3 Bf5 5. e3 Nc6 6. a3 e6 7. Bxc4 g6 8. O-O
Bg7 9. Be2 O-O 10. Ng5 Nd5 11. e4 Nxc3 12. bxc3 Bh6 13. Nxe6 Bxe6 14. Bxh6 Re8
15. d5 Bxd5 16. exd5 Ne7 17. c4 Nf5 18. Bf4 Qh4 19. g3 Qf6 20. Bxc7 Rac8 21.
Bf4 g5 22. Be3 Nxe3 23. fxe3 Qh6 24. Bh5 Rxe3 25. Bxf7+ Kg7 26. Qd4+ Kf8 27.
Qxe3 Rxc4 28. Qe8+ Kg7 29. Qg8# 1-0

[Event "Summer Cup"]
[Site "Wellington Chess Club"]
[Date "2017.03.02"]
[Round "6"]
[White "Wilkins, Mark"]
[Black "Jackson, Ross"]
[Result "1/2-1/2"]
[WhiteElo "1969"]
[BlackElo "2049"]

1. d4 Nf6 2. Nc3 d5 3. Bg5 Bf5 4. e3 c6 5. Bd3 Bg6 6. Nge2 Nbd7 7. Bf4 Nh5 8.
Bg5 Qc7 9. f4 Bxd3 10. Qxd3 Nhf6 11. h3 e6 12. e4 dxe4 13. Nxe4 Nd5 14. O-O h6
15. Bh4 Be7 16. Bg3 f5 17. Nd2 O-O 18. c4 N5f6 19. Nc3 Rae8 20. Rae1 Bb4 21. a3
Bxc3 22. Qxc3 Nh5 23. Bh2 c5 24. Kh1 Nhf6 25. b4 cxd4 26. Qxd4 b6 27. Re2 Rf7
28. Rfe1 Nf8 29. Bg1 Ng6 30. Bh2 Rd7 31. Qf2 Qd8 32. Bg1 Nh5 33. g3 Rd3 34. Nf3
Qa8 35. Re3 Red8 36. Kh2 Nf6 37. Rxd3 Rxd3 38. Re3 Ne4 39. Qe2 Rd6 40. Rd3 Qd8
41. Rxd6 Qxd6 42. Bd4 1/2-1/2

[Event "Summer Cup"]
[Site "Wellington Chess Club"]
[Date "2017.03.02"]
[Round "6"]
[White "Winter, Ryan"]
[Black "Bennett, Ezra"]
[Result "1-0"]
[WhiteElo "1592"]
[BlackElo "1458"]

1. e4 e5 2. Nf3 Nc6 3. Bb5 Nge7 4. O-O a6 5. Ba4 b5 6. Bb3 d5 7. exd5 Nd4 8.
Nxe5 Nxb3 9. axb3 Qxd5 10. Qf3 Bb7 11. Qxd5 Nxd5 12. Re1 Nf4 13. Ng6+ Ne6 14.
Nxh8 O-O-O 15. Nxf7 Nd4 16. Nxd8 Kxd8 17. d3 Nxc2 18. Bg5+ Kd7 19. Nc3 Bd6 20.
Rac1 Nd4 21. Ne4 Bb4 22. Nc5+ Bxc5 23. Rxc5 Kd6 24. Be7+ Kd7 25. Bh4 Nxb3 26.
Re7+ Kd6 27. Rcxc7 1-0